000 03182nam a22002537a 4500
003 URS
005 20250318203457.0
008 250225b |||||||| |||| 00| 0 eng d
050 0 0 _aLG 221.R59
_b.F66311 2023
245 1 _aEffects of e-learning platforms on the mental health as perceived by the respondents of science education students/
_cShannel Anne A. Flores...[et.al.]
260 1 _c2023
300 _avi, 45 leaves;
_billustrations,
_c28 cm.
336 _2rda content
_atext
337 _2rda media
_aunmediated
338 _2rdacarrier
_avolume
502 _aUndergraduate Thesis
_bBachelor of Secondary Education major in Science
_cUniversity of Rizal System, Rodriguez, Rizal
_d2023
520 _aThis study was conducted to find out the effects of e-learning platforms on the mental health as perceived by the respondents of science education students through the use of e-learning platforms with the participation of sixty science students who experienced using the online education learning platforms. The researchers used quantitative method and analyzed the data gathered and interpreted the result based on h=the profile of the respondents in terms of age, sex, parent's educational attainment, and their monthly family income. Based on the gathered information, the following data were made Most of the respondents were female and majority of them were composed of 20-21 years old. The results revealed that as perceived by the respondents, it showed that e-Learning platforms has brought positive effects to their mental health but still they manage to maintain the academic discipline. Even though the e-Learning platforms became beneficial to the student's discipline, majority of the respondents revealed they were experiencing episodes of pressure and nervousness while using the e-Learning platforms that affected the mental health of the science education students. Based on the findings of this research, the following conclusion were drawn: Female science education students are more vulnerable and affected by the effects of using e-Learning platforms as the primary mode of learning process during the Covid pandemic. Using online educational platforms in academic learning process, the convenience of studying can be easier. However, it can have a negative effect on the mental health that can make the students more anxious. Students, must find ways that can motivate themselves more and help them to cope with the anxieties they are experiencing and be able to deal with it not only while using the e-Learning platforms but at all times so that it cannot be an obstacle from being productive individual. Future researchers, so they can conduct future studies regarding this research to have broader result and information and use this study as a guide for further understanding and awareness of effects that may arise when using the e-Leaming platforms.
650 _2effects of e-learning platforms on the mental health
700 _aRecomez, Mary Dave E.
_eResearcher
700 _aSoriano, John Paul E.
_eResearcher
700 _aSuruiz, Curtney P.
_eResearcher
700 _aMichelle R. Garcia
_eAdviser
942 _2lcc
_cT
999 _c82178
_d82177